[Event "BCF-chT 2122 (4NCL)"]
[Site "England"]
[Date "2022.05.02"]
[Round "9.53"]
[White "Moreby, James"]
[Black "Griffiths, Ryan Rhys"]
[Result "1/2-1/2"]
[WhiteElo "2304"]
[BlackElo "2352"]
[PlyCount "30"]
[EventDate "2021.11.27"]
[EventType "team-swiss"]
[EventRounds "11"]
[EventCountry "ENG"]
[SourceTitle "EXT 2023"]
[Source "ChessBase"]
[SourceDate "2022.10.05"]
[SourceVersion "1"]
[SourceVersionDate "2022.10.05"]
[SourceQuality "1"]
[WhiteTeam "The Sharks"]
[BlackTeam "Barbican"]
[WhiteTeamCountry "ENG"]
[BlackTeamCountry "ENG"]

1. c4 c5 2. Nf3 Nc6 3. Nc3 g6 4. e3 Nf6 5. d4 cxd4 6. exd4 d5 7. cxd5 Nxd5 8. Qb3 Nxc3 9. Bc4 e6 10. bxc3 Bd7 11. Bd3 Qc7 12. 0-0 Bg7 13. Ba3 Bf8 14. Bc1 Bg7 15. Ba3 Bf8 1/2-1/2

[Event "BCF-chT 2122 (4NCL)"]
[Site "England"]
[Date "2022.03.27"]
[Round "6.24"]
[White "Cyborowski, Lukasz"]
[Black "Griffiths, Ryan Rhys"]
[Result "0-1"]
[WhiteElo "2494"]
[BlackElo "2352"]
[PlyCount "148"]
[EventDate "2021.11.27"]
[EventType "team-swiss"]
[EventRounds "11"]
[EventCountry "ENG"]
[SourceTitle "EXT 2023"]
[Source "ChessBase"]
[SourceDate "2022.10.05"]
[SourceVersion "1"]
[SourceVersionDate "2022.10.05"]
[SourceQuality "1"]
[WhiteTeam "Chess.com Manx Liberty"]
[BlackTeam "Barbican"]
[WhiteTeamCountry "ENG"]
[BlackTeamCountry "ENG"]

1. Nf3 c5 2. e3 Nf6 3. d4 cxd4 4. exd4 d5 5. c3 Nc6 6. Bf4 e6 7. Nbd2 Bd6 8. Bxd6 Qxd6 9. Bd3 0-0 10. Qe2 Nd7 11. 0-0 e5 12. dxe5 Ndxe5 13. Nxe5 Nxe5 14. Rae1 Re8 15. Qe3 Bd7 16. Nf3 Nc4 17. Qc1 Qb6 18. Bxc4 dxc4 19. Nd4 Qf6 20. Qd2 Bc6 21. Rxe8+ Rxe8 22. Re1 Rxe1+ 23. Qxe1 Qg6 24. f3 h5 25. h4 Qf6 26. Qg3 Kh7 27. Kf1 a6 28. Kf2 Bd7 29. Kg1 Qb6 30. Qf2 g6 31. Kh2 Qd6+ 32. Qg3 Qb6 33. Qe5 Qd8 34. Kg3 Kg8 35. Qd6 Kg7 36. Qe5+ Kg8 37. Qd6 Kg7 38. Ne2 Qe8 39. Kf2 Kg8 40. Qd4 b5 41. Qd6 Bc6 42. Nd4 Bb7 43. Nc2 Kg7 44. Ne3 Qc6 45. Qe7 Kg8 46. Nc2 Qd5 47. Nd4 Kg7 48. Ke3 Kg8 49. Kf4 Kh7 50. Qf8 Ba8 51. Qe7 Bb7 52. a3 Kg8 53. Ke3 Kg7 54. Kd2 Bc8 55. Ke3 Bb7 56. Ke2 Bc8 57. Kd2 Bb7 58. Kc1 Bc8 59. Kb1 Bf5+ 60. Ka2 Bd3 61. g3 Kg8 62. a4 bxa4 63. Ka3 Bf5 64. Kxa4 Bc2+ 65. Kb4 Bd1 66. Qc5 Qb7+ 67. Kxc4 Qxb2 68. Kd3 Qf2 69. Qc8+ Kg7 70. Ne6+ Kf6 71. Ng5 Bc2+ 72. Kc4 Qe2+ 73. Kc5 Qb5+ 74. Kd6 Qd3+ 0-1

[Event "BCF-chTa 1920 (4NCL)"]
[Site "Daventry"]
[Date "2020.02.09"]
[Round "6.22"]
[White "Palliser, Richard"]
[Black "Griffiths, Ryan Rhys"]
[Result "1-0"]
[WhiteElo "2399"]
[BlackElo "2354"]
[PlyCount "81"]
[EventDate "2019.11.09"]
[EventType "team-tourn"]
[EventRounds "11"]
[EventCountry "ENG"]
[SourceTitle "CBM 194 Extra"]
[Source "ChessBase"]
[SourceDate "2020.03.31"]
[SourceVersion "1"]
[SourceVersionDate "2020.03.31"]
[SourceQuality "1"]
[WhiteTeam "White Rose"]
[BlackTeam "Barbican"]
[WhiteTeamCountry "ENG"]
[BlackTeamCountry "ENG"]

1. d4 Nf6 2. c4 e6 3. Nf3 c6 4. Bf4 d5 5. e3 Bd6 6. Bxd6 Qxd6 7. c5 Qe7 8. Nc3 Nbd7 9. Be2 0-0 10. 0-0 e5 11. b4 e4 12. Nd2 Ne8 13. b5 f5 14. bxc6 bxc6 15. Qa4 Rf6 16. Ba6 Rh6 17. Bxc8 Rxc8 18. Qxa7 Qh4 19. h3 Rc7 20. Qa8 Ndf6 21. Ne2 Qh5 22. Ng3 Qg5 23. Rfb1 f4 24. exf4 Qxf4 25. Ndf1 Rf7 26. Qb8 Qg5 27. a4 Rg6 28. a5 h5 29. Qe5 h4 30. Qxg5 Rxg5 31. Ne2 Ra7 32. Rb6 Nc7 33. Rxc6 Kf7 34. Ne3 Rh5 35. Nf4 Rh8 36. Nf5 Rha8 37. Nd6+ Ke7 38. Ng6+ Kd7 39. Ne5+ Kd8 40. Rb6 Ra6 41. Rab1 1-0

[Event "BCF-chT1c 1819 (4NCL) Promotion pool"]
[Site "England"]
[Date "2019.05.05"]
[Round "10.35"]
[White "Griffiths, Ryan Rhys"]
[Black "Ris, Robert"]
[Result "1/2-1/2"]
[WhiteElo "2355"]
[BlackElo "2457"]
[PlyCount "74"]
[EventDate "2018.11.10"]
[EventType "team-tourn"]
[EventRounds "11"]
[EventCountry "ENG"]
[SourceTitle "CBM 190 Extra"]
[Source "ChessBase"]
[SourceDate "2019.07.15"]
[SourceVersion "1"]
[SourceVersionDate "2019.07.15"]
[SourceQuality "1"]
[WhiteTeam "Barbican"]
[BlackTeam "Guildford II"]
[WhiteTeamCountry "ENG"]
[BlackTeamCountry "ENG"]

1. c4 b6 2. Nc3 Bb7 3. e4 e5 4. g3 Nc6 5. Bg2 Bc5 6. Nge2 Nge7 7. 0-0 0-0 8. Na4 d6 9. a3 a5 10. d3 Qd7 11. Rb1 Nd4 12. Nec3 Bc6 13. Nxc5 bxc5 14. f4 exf4 15. gxf4 f5 16. Be3 Ng6 17. Qh5 Rf6 18. Rf2 Raf8 19. Rbf1 Qf7 20. b4 axb4 21. axb4 fxe4 22. Bxd4 cxd4 23. Nxe4 Bxe4 24. Bxe4 Kh8 25. f5 Ne5 26. Qxf7 R6xf7 27. b5 g6 28. fxg6 Rxf2 29. Rxf2 Rxf2 30. Kxf2 hxg6 31. Kg3 Kg7 32. Kf4 Kf6 33. h4 Nd7 34. Bf3 Nc5 35. Be2 Kg7 36. Bf1 Kf6 37. Be2 Kg7 1/2-1/2

[Event "BCF-chT1c 1819 (4NCL) Promotion pool"]
[Site "England"]
[Date "2019.05.04"]
[Round "9.33"]
[White "Lupulescu, Constantin"]
[Black "Griffiths, Ryan Rhys"]
[Result "1-0"]
[WhiteElo "2649"]
[BlackElo "2355"]
[PlyCount "73"]
[EventDate "2018.11.10"]
[EventType "team-tourn"]
[EventRounds "11"]
[EventCountry "ENG"]
[SourceTitle "CBM 190 Extra"]
[Source "ChessBase"]
[SourceDate "2019.07.15"]
[SourceVersion "1"]
[SourceVersionDate "2019.07.15"]
[SourceQuality "1"]
[WhiteTeam "Manx Liberty"]
[BlackTeam "Barbican"]
[WhiteTeamCountry "ENG"]
[BlackTeamCountry "ENG"]

1. Nf3 c5 2. e4 d6 3. Bb5+ Bd7 4. Bxd7+ Qxd7 5. c4 Nc6 6. Nc3 g6 7. d4 cxd4 8. Nxd4 Bg7 9. Be3 Nf6 10. f3 0-0 11. Rc1 Rfc8 12. b3 Qd8 13. 0-0 a6 14. Nxc6 Rxc6 15. a4 Qa5 16. Kh1 Rb8 17. Na2 b5 18. cxb5 Rxc1 19. Qxc1 axb5 20. Bd2 Qa8 21. a5 Rc8 22. Qb1 d5 23. e5 Nd7 24. f4 Nc5 25. Rc1 Ne4 26. Rxc8+ Qxc8 27. Be3 g5 28. Qc1 Qa8 29. Bb6 gxf4 30. Nb4 d4 31. Qxf4 d3 32. Nxd3 Qd5 33. Nb4 Qd1+ 34. Bg1 Nc3 35. Qd4 Qc1 36. a6 Ne2 37. Qe3 1-0

[Event "Varsity Oxbridge m 137th"]
[Site "London"]
[Date "2019.03.02"]
[Round "1.2"]
[White "Griffiths, Ryan Rhys"]
[Black "Sanders, Isaac B"]
[Result "0-1"]
[WhiteElo "2359"]
[BlackElo "2355"]
[PlyCount "96"]
[EventDate "2019.03.02"]
[EventType "team-match"]
[EventRounds "1"]
[EventCountry "ENG"]
[SourceTitle "CBM 189 Extra"]
[Source "ChessBase"]
[SourceDate "2019.06.03"]
[SourceVersion "1"]
[SourceVersionDate "2019.06.03"]
[SourceQuality "1"]
[WhiteTeam "Cambridge"]
[BlackTeam "Oxford"]
[WhiteTeamCountry "ENG"]
[BlackTeamCountry "ENG"]

1. c4 c5 2. g3 f5 3. Nf3 Nf6 4. d4 cxd4 5. Nxd4 g6 6. Bg2 Bg7 7. 0-0 0-0 8. Nc3 Nc6 9. Nc2 d6 10. Rb1 Rb8 11. b3 Bd7 12. Bb2 a6 13. Nd5 b5 14. cxb5 axb5 15. Nxf6+ Bxf6 16. Bxf6 Rxf6 17. Nd4 Qb6 18. Bd5+ Kg7 19. Nxc6 Bxc6 20. Bxc6 Qxc6 21. Qd4 Qb6 22. Qxb6 Rxb6 23. Rfc1 Rf8 24. Rc2 Kf6 25. Kg2 g5 26. Rd1 Ra8 27. h3 Rba6 28. Rdd2 Ke6 29. g4 h6 30. e3 R6a7 31. f4 fxg4 32. hxg4 h5 33. Kf3 hxg4+ 34. Kxg4 gxf4 35. Kxf4 Rf8+ 36. Ke4 Rf5 37. Rd4 Re5+ 38. Kd3 Rd5 39. e4 Rh5 40. Ke3 Rh3+ 41. Kf4 Ra8 42. Rd5 Rg8 43. Rf2 b4 44. Rb5 Rgh8 45. Rxb4 Rd3 46. Re2 Rf8+ 47. Kg4 Rg8+ 48. Kf4 Rdg3 0-1

[Event "BCF-chT1a 1819 (4NCL)"]
[Site "England"]
[Date "2019.02.10"]
[Round "6.22"]
[White "Tan, Justin Hy"]
[Black "Griffiths, Ryan Rhys"]
[Result "1-0"]
[WhiteElo "2508"]
[BlackElo "2358"]
[PlyCount "81"]
[EventDate "2018.11.10"]
[EventType "team-tourn"]
[EventRounds "7"]
[EventCountry "ENG"]
[SourceTitle "CBM 188 Extra"]
[Source "ChessBase"]
[SourceDate "2019.02.26"]
[SourceVersion "1"]
[SourceVersionDate "2019.02.26"]
[SourceQuality "1"]
[WhiteTeam "Wood Green"]
[BlackTeam "Barbican"]
[WhiteTeamCountry "ENG"]
[BlackTeamCountry "ENG"]

1. d4 Nf6 2. c4 e6 3. Nf3 Nc6 4. e3 Bb4+ 5. Nbd2 0-0 6. Bd3 Re8 7. Ne5 d5 8. Qc2 dxc4 9. Qxc4 Qd5 10. Nxc6 Qxc4 11. Bxc4 bxc6 12. 0-0 c5 13. a3 Bxd2 14. Bxd2 cxd4 15. exd4 Rd8 16. Ba5 Rd6 17. d5 Rxd5 18. Rac1 Rd4 19. Rcd1 Rxd1 20. Rxd1 Bd7 21. Ba6 c6 22. Bc7 Nd5 23. Bb7 Re8 24. Bd6 Rd8 25. Bg3 f6 26. b4 Kf7 27. f3 Ke8 28. Rc1 Kf7 29. Rc5 Ne7 30. Bc7 Rg8 31. Ra5 e5 32. Rxa7 Ke6 33. Bb6 Nd5 34. Bc5 Nc3 35. Ba6 Nb5 36. a4 Nc3 37. Bc4+ Nd5 38. b5 Rc8 39. b6 f5 40. a5 e4 41. a6 1-0

[Event "BCF-chT1c 1718 (4NCL) Promotion pool"]
[Site "England"]
[Date "2018.05.07"]
[Round "11.32"]
[White "Claridge Hansen, William"]
[Black "Griffiths, Ryan Rhys"]
[Result "1/2-1/2"]
[WhiteElo "2283"]
[BlackElo "2356"]
[PlyCount "176"]
[EventDate "2017.01.11"]
[EventType "team-swiss"]
[EventRounds "11"]
[EventCountry "ENG"]
[SourceTitle "EXT 2019"]
[Source "ChessBase"]
[SourceDate "2018.10.10"]
[SourceVersion "1"]
[SourceVersionDate "2018.10.10"]
[SourceQuality "1"]
[WhiteTeam "Oxford"]
[BlackTeam "Barbican"]
[WhiteTeamCountry "ENG"]
[BlackTeamCountry "ENG"]

1. c4 Nf6 2. g3 c6 3. Bg2 d5 4. Nf3 dxc4 5. 0-0 Nbd7 6. Qc2 Nb6 7. Na3 Be6 8. b3 cxb3 9. axb3 g6 10. Nc4 Bg7 11. Bb2 0-0 12. Na5 Qc8 13. e4 Bh3 14. Bxh3 Qxh3 15. Bxf6 exf6 16. Nxb7 f5 17. e5 Qg4 18. Kg2 Qe4 19. d3 Qd5 20. d4 a5 21. Nc5 Rfb8 22. Qc3 Nd7 23. Nxd7 Rxb3 24. Qc5 Qxf3+ 25. Kg1 Qd5 26. Qe7 Rb2 27. Rfb1 Rxb1+ 28. Rxb1 Qe6 29. Qxe6 fxe6 30. Nc5 a4 31. Ra1 a3 32. Nxe6 Bh6 33. f4 Kf7 34. Nc5 g5 35. g4 fxg4 36. f5 Bf8 37. Ne4 h6 38. Kf2 a2 39. e6+ Ke7 40. Nc3 Bg7 41. Ke3 c5 42. Nd5+ Kd6 43. f6 Kxd5 44. fxg7 cxd4+ 45. Kd3 Rg8 46. e7 Kd6 47. Rxa2 Kxe7 48. Ra6 Kf7 49. Rxh6 Kxg7 50. Rd6 Rh8 51. Rxd4 Rh3+ 52. Ke2 Rxh2+ 53. Kf1 Rh4 54. Rd6 Rh6 55. Rd4 Rf6+ 56. Kg2 Rf4 57. Rd6 Rf6 58. Rd4 Rf4 59. Rd6 Rf3 60. Rd4 Kg6 61. Rxg4 Ra3 62. Rb4 Kh5 63. Rc4 Ra2+ 64. Kg3 Ra3+ 65. Kg2 Kg6 66. Rb4 Ra2+ 67. Kg3 Ra3+ 68. Kg2 Rd3 69. Ra4 Re3 70. Rb4 Kf5 71. Ra4 Rb3 72. Rc4 Rd3 73. Ra4 g4 74. Ra8 Rd2+ 75. Kg3 Rd3+ 76. Kg2 Rd6 77. Rf8+ Kg5 78. Rg8+ Kf4 79. Rf8+ Kg5 80. Rg8+ Rg6 81. Rxg6+ Kxg6 82. Kg3 Kg5 83. Kg2 Kf4 84. Kf2 g3+ 85. Kg2 Kg4 86. Kg1 Kf3 87. Kf1 g2+ 88. Kg1 Kg3 1/2-1/2

[Event "BCF-chT1c 1718 (4NCL) Promotion pool"]
[Site "England"]
[Date "2018.05.06"]
[Round "10.42"]
[White "Griffiths, Ryan Rhys"]
[Black "Rendle, Thomas E"]
[Result "1/2-1/2"]
[WhiteElo "2356"]
[BlackElo "2366"]
[PlyCount "24"]
[EventDate "2017.01.11"]
[EventType "team-swiss"]
[EventRounds "11"]
[EventCountry "ENG"]
[SourceTitle "EXT 2019"]
[Source "ChessBase"]
[SourceDate "2018.10.10"]
[SourceVersion "1"]
[SourceVersionDate "2018.10.10"]
[SourceQuality "1"]
[WhiteTeam "Barbican"]
[BlackTeam "Grantham Sharks"]
[WhiteTeamCountry "ENG"]
[BlackTeamCountry "ENG"]

1. c4 e6 2. g3 Nf6 3. Bg2 d5 4. d4 Be7 5. Nf3 0-0 6. 0-0 dxc4 7. Qa4 a6 8. Qxc4 b5 9. Qc2 Bb7 10. Bd2 Be4 11. Qc1 c6 12. Rd1 Nbd7 1/2-1/2

[Event "BCF-chT1c 1718 (4NCL) Promotion pool"]
[Site "England"]
[Date "2018.05.05"]
[Round "9.14"]
[White "Fressinet, Laurent"]
[Black "Griffiths, Ryan Rhys"]
[Result "1/2-1/2"]
[WhiteElo "2651"]
[BlackElo "2356"]
[PlyCount "37"]
[EventDate "2017.01.11"]
[EventType "team-swiss"]
[EventRounds "11"]
[EventCountry "ENG"]
[SourceTitle "EXT 2019"]
[Source "ChessBase"]
[SourceDate "2018.10.10"]
[SourceVersion "1"]
[SourceVersionDate "2018.10.10"]
[SourceQuality "1"]
[WhiteTeam "Guildford"]
[BlackTeam "Barbican"]
[WhiteTeamCountry "ENG"]
[BlackTeamCountry "ENG"]

1. d4 Nf6 2. c4 Nc6 3. Nf3 e6 4. g3 d5 5. Nbd2 Bb4 6. Bg2 0-0 7. 0-0 Bxd2 8. Bxd2 dxc4 9. Rc1 Nxd4 10. Rxc4 Nxf3+ 11. Bxf3 c6 12. Qc2 e5 13. Rd1 Re8 14. Rh4 Qd7 15. g4 e4 16. Bc3 Qe6 17. g5 Qf5 18. gxf6 Qg5+ 19. Kh1 1/2-1/2

[Event "BCF-chT1b 1718 (4NCL)"]
[Site "England"]
[Date "2018.02.10"]
[Round "5.62"]
[White "Houska, Jovanka"]
[Black "Griffiths, Ryan Rhys"]
[Result "0-1"]
[WhiteElo "2401"]
[BlackElo "2356"]
[PlyCount "124"]
[EventDate "2017.11.11"]
[EventType "team-swiss"]
[EventRounds "11"]
[EventCountry "ENG"]
[SourceTitle "EXT 2019"]
[Source "ChessBase"]
[SourceDate "2018.10.10"]
[SourceVersion "1"]
[SourceVersionDate "2018.10.10"]
[SourceQuality "1"]
[WhiteTeam "Wood Green"]
[BlackTeam "Barbican"]
[WhiteTeamCountry "ENG"]
[BlackTeamCountry "ENG"]

1. d4 Nf6 2. Nf3 g6 3. Nbd2 d5 4. b4 Bg7 5. e3 0-0 6. Bb2 a5 7. b5 a4 8. a3 c6 9. bxc6 bxc6 10. c4 Qa5 11. Qc2 Bf5 12. Bd3 Bxd3 13. Qxd3 Nbd7 14. 0-0 Rfb8 15. Rab1 Qa6 16. Qc2 e6 17. Rfc1 Rb7 18. Ne1 Bf8 19. Nd3 Ne4 20. c5 Nxd2 21. Qxd2 Rb3 22. Nb4 Qc8 23. Rc3 Rxc3 24. Bxc3 e5 25. f3 Bh6 26. Re1 Qc7 27. Kh1 Bg7 28. Qc2 exd4 29. exd4 Nf8 30. Rb1 Ne6 31. Qd2 h5 32. g3 Bf6 33. Kg2 h4 34. Nc2 Kg7 35. f4 Qd7 36. Ne3 Rh8 37. Kg1 Nc7 38. Rb7 Qc8 39. Rb4 hxg3 40. hxg3 Qe6 41. Qd3 Nb5 42. f5 Qd7 43. Bd2 Re8 44. Ng4 gxf5 45. Nxf6 Kxf6 46. Rxa4 Re4 47. Bf4 Kg6 48. Rb4 Re1+ 49. Kf2 Ra1 50. a4 Qe7 51. Bd2 Na3 52. Rb8 Nc4 53. Rg8+ Kh7 54. Rg4 Qe6 55. Rh4+ Kg7 56. Bh6+ Kg6 57. Kg2 Qe1 58. Rh2 Ra2+ 59. Kh3 Rxh2+ 60. Kxh2 Kxh6 61. Qxf5 Qe2+ 62. Kg1 Qg2+ 0-1

[Event "GRB-ch Universities"]
[Site "Birmingham"]
[Date "2016.02.21"]
[Round "4.1"]
[White "Griffiths, Ryan Rhys"]
[Black "Batchelor, Peter"]
[Result "0-1"]
[WhiteElo "2359"]
[BlackElo "2342"]
[PlyCount "70"]
[EventDate "2016.02.20"]
[EventType "team-swiss"]
[EventRounds "5"]
[EventCountry "ENG"]
[SourceTitle "CBM 170 Extra"]
[Source "ChessBase"]
[SourceDate "2016.02.25"]
[SourceVersion "1"]
[SourceVersionDate "2016.02.25"]
[SourceQuality "1"]
[WhiteTeam "Imperial"]
[BlackTeam "Warwicks Select"]
[WhiteTeamCountry "ENG"]
[BlackTeamCountry "ENG"]

1. c4 Nf6 2. g3 e6 3. Bg2 d5 4. Nf3 Be7 5. 0-0 0-0 6. b3 c5 7. Bb2 Nc6 8. e3 b6 9. Nc3 Bb7 10. cxd5 exd5 11. d4 Re8 12. Rc1 Bf8 13. Re1 Qd7 14. Ne2 Ne4 15. Nf4 Rad8 16. Nd3 cxd4 17. exd4 Ba6 18. Nde5 Nxe5 19. Nxe5 Qf5 20. Qf3 Qxf3 21. Bxf3 Ng5 22. Bg2 Bb4 23. Bc3 Ba3 24. Rcd1 Bb5 25. Re3 Ne4 26. Be1 a5 27. Bh3 f6 28. Nf3 Bd7 29. Bg2 Rc8 30. Nd2 Nc3 31. Rxc3 Rxc3 32. Bxd5+ Kf8 33. Nc4 Rc1 34. Rxc1 Bxc1 35. Kf1 Bh3+ 0-1

[Event "GRB-ch Universities"]
[Site "Birmingham"]
[Date "2016.02.20"]
[Round "3.1"]
[White "Zhou, Yang Fan"]
[Black "Griffiths, Ryan Rhys"]
[Result "1/2-1/2"]
[WhiteElo "2454"]
[BlackElo "2359"]
[PlyCount "63"]
[EventDate "2016.02.20"]
[EventType "team-swiss"]
[EventRounds "5"]
[EventCountry "ENG"]
[SourceTitle "CBM 170 Extra"]
[Source "ChessBase"]
[SourceDate "2016.02.25"]
[SourceVersion "1"]
[SourceVersionDate "2016.02.25"]
[SourceQuality "1"]
[WhiteTeam "Cambridge"]
[BlackTeam "Imperial"]
[WhiteTeamCountry "ENG"]
[BlackTeamCountry "ENG"]

1. e4 e5 2. Nf3 Nc6 3. Bc4 Bc5 4. b4 Bxb4 5. c3 Be7 6. d4 Na5 7. Bd3 d6 8. dxe5 dxe5 9. Nxe5 Nf6 10. 0-0 0-0 11. Qc2 c5 12. Na3 Qc7 13. f4 a6 14. Nac4 Nxc4 15. Bxc4 Be6 16. a4 Bxc4 17. Nxc4 b5 18. Ne3 Rad8 19. axb5 axb5 20. c4 bxc4 21. Bb2 Qb7 22. Nf5 Rfe8 23. Bxf6 Bxf6 24. e5 Be7 25. Rfb1 Qd7 26. Rd1 Qe6 27. Nxe7+ Qxe7 28. Qxc4 g6 29. h3 Rb8 30. Rac1 Rb4 31. Qxc5 Qxc5+ 32. Rxc5 1/2-1/2

[Event "BCF-chT1a 1516 (4NCL)"]
[Site "England"]
[Date "2016.01.24"]
[Round "4.115"]
[White "Hamitevici, Vladimir"]
[Black "Griffiths, Ryan Rhys"]
[Result "1-0"]
[WhiteElo "2430"]
[BlackElo "2340"]
[PlyCount "153"]
[EventDate "2015.11.14"]
[EventType "team-tourn"]
[EventRounds "7"]
[EventCountry "ENG"]
[SourceTitle "CBM 170 Extra"]
[Source "ChessBase"]
[SourceDate "2016.02.25"]
[SourceVersion "1"]
[SourceVersionDate "2016.02.25"]
[SourceQuality "1"]
[WhiteTeam "Cheddleton"]
[BlackTeam "Barbican"]
[WhiteTeamCountry "ENG"]
[BlackTeamCountry "ENG"]

1. d4 Nf6 2. c4 e6 3. g3 d5 4. Nf3 Be7 5. Bg2 0-0 6. b3 c6 7. 0-0 b6 8. Bb2 Bb7 9. Ne5 Nbd7 10. Nd3 Ne4 11. Nd2 Ndf6 12. Rc1 Rc8 13. c5 Ba6 14. Nxe4 dxe4 15. Nb4 Bb5 16. a4 a5 17. axb5 axb4 18. Qc2 cxb5 19. c6 Rc7 20. Bxe4 Nxe4 21. Qxe4 Qd5 22. Qxd5 exd5 23. Rc2 Rfc8 24. Rfc1 f5 25. Kg2 Kf7 26. h3 Bg5 27. e3 Ke6 28. Kf3 h5 29. g4 hxg4+ 30. hxg4 g6 31. gxf5+ gxf5 32. Ke2 Bf6 33. Kd3 Kd6 34. Rh1 Rxc6 35. Rxc6+ Rxc6 36. Rc1 Rxc1 37. Bxc1 Ke6 38. f3 Be7 39. Bd2 Bd6 40. Be1 Be7 41. Bg3 Kd7 42. Ke2 Bg5 43. Kf2 Be7 44. Kg2 Bg5 45. Bf2 Ke6 46. Kh3 Kf7 47. Kh2 Ke7 48. Kg1 Kd7 49. Kf1 Ke6 50. Ke2 Kd7 51. Bg3 Be7 52. Bf4 Bf6 53. Kf1 Bh4 54. Kg2 Be7 55. Kg3 Bd8 56. Bh6 Be7 57. Kf4 Ke6 58. Bg7 Bd6+ 59. Be5 Bf8 60. Kg5 Be7+ 61. Kh5 Bd8 62. Bf4 Kd7 63. Kg6 Ke6 64. Bg5 Bc7 65. f4 Bd6 66. Kg7 Bc7 67. Kf8 Bd6+ 68. Kg8 Bc7 69. Kg7 Bb8 70. Bh4 Bd6 71. Kg8 Bc7 72. Kf8 Bb8 73. Ke8 Bd6 74. Kd8 Bb8 75. Be7 Ba7 76. Bxb4 Bb8 77. Kc8 1-0

[Event "BCF-chT1a 1516 (4NCL)"]
[Site "England"]
[Date "2015.11.15"]
[Round "2.126"]
[White "Griffiths, Ryan Rhys"]
[Black "Povah, Nigel Edward"]
[Result "1-0"]
[WhiteElo "2340"]
[BlackElo "2310"]
[PlyCount "87"]
[EventDate "2015.11.14"]
[EventType "team-tourn"]
[EventRounds "7"]
[EventCountry "ENG"]
[SourceTitle "CBM 169 Extra"]
[Source "ChessBase"]
[SourceDate "2015.12.18"]
[SourceVersion "1"]
[SourceVersionDate "2015.12.18"]
[SourceQuality "1"]
[WhiteTeam "Barbican"]
[BlackTeam "Guildford II"]
[WhiteTeamCountry "ENG"]
[BlackTeamCountry "ENG"]

1. c4 e5 2. g3 Nf6 3. Bg2 h6 4. a3 a5 5. Nc3 Nc6 6. Nf3 Bc5 7. d3 d6 8. 0-0 0-0 9. e3 Bf5 10. b3 Qd7 11. Bb2 Bg4 12. Qc2 Rfe8 13. Nd5 Nxd5 14. cxd5 Bxf3 15. Bxf3 Ne7 16. Bxe5 Qf5 17. Bg2 Nxd5 18. Bxd5 Rxe5 19. Bxb7 Rb8 20. Bg2 Bb6 21. b4 axb4 22. axb4 g6 23. Rfc1 Re7 24. d4 Qxc2 25. Rxc2 f5 26. Bd5+ Kg7 27. Kg2 Ree8 28. Kf3 h5 29. h4 Kf6 30. Rca2 Re7 31. Ra8 Ree8 32. Rxb8 Rxb8 33. Bc6 Rh8 34. Rh1 Rb8 35. Ke2 Ke6 36. Kd3 d5 37. Rc1 Ba7 38. Ra1 Bb6 39. Rc1 Ba7 40. Ba4 Bb6 41. Rc6+ Kf7 42. Bb3 Rd8 43. Ke2 Kg7 44. Kf3 1-0

[Event "BCF-chT1a 1415 (4NCL)"]
[Site "England"]
[Date "2015.02.15"]
[Round "6.126"]
[White "Sarakauskas, Gediminas"]
[Black "Griffiths, Ryan Rhys"]
[Result "1/2-1/2"]
[WhiteElo "2396"]
[BlackElo "2348"]
[PlyCount "105"]
[EventDate "2014.11.15"]
[EventType "team-swiss"]
[EventRounds "11"]
[EventCountry "ENG"]
[SourceTitle "EXT 2016"]
[Source "ChessBase"]
[SourceDate "2015.10.08"]
[SourceVersion "1"]
[SourceVersionDate "2015.10.08"]
[SourceQuality "1"]
[WhiteTeam "Guildford II"]
[BlackTeam "Barbican"]
[WhiteTeamCountry "ENG"]
[BlackTeamCountry "ENG"]

1. e4 e5 2. Nf3 Nf6 3. Nxe5 d6 4. Nc4 Nxe4 5. d4 d5 6. Ne3 Nc6 7. c3 Be7 8. Bd3 0-0 9. Qc2 Nf6 10. Nd2 Bd6 11. Nf3 Ne7 12. Bd2 c5 13. dxc5 Bxc5 14. 0-0 Re8 15. Rad1 Qb6 16. b4 Bd6 17. c4 Qc7 18. Bc3 dxc4 19. Bxc4 Bf4 20. g3 Bxe3 21. Bxf6 Be6 22. Bd3 Qxc2 23. Bxc2 Bxf2+ 24. Rxf2 gxf6 25. Nd4 Nd5 26. Nxe6 fxe6 27. Bb3 Rad8 28. Rfd2 Kf7 29. Kf2 Re7 30. Bxd5 Rxd5 31. Rxd5 exd5 32. Rxd5 Ke6 33. Rh5 Rc7 34. Ke3 f5 35. Kd4 Rd7+ 36. Kc4 Ke5 37. a4 Rd4+ 38. Kc3 a5 39. Rxf5+ Kxf5 40. Kxd4 axb4 41. h3 b3 42. Kc3 Ke4 43. Kxb3 Kf3 44. Kb4 Kxg3 45. Kb5 Kxh3 46. Kb6 h5 47. Kxb7 h4 48. a5 Kg3 49. a6 h3 50. a7 h2 51. a8Q h1Q+ 52. Kb8 Qxa8+ 53. Kxa8 1/2-1/2

[Event "BCF-chT1a 1314 (4NCL)"]
[Site "England"]
[Date "2013.11.17"]
[Round "2.122"]
[White "Griffiths, Ryan Rhys"]
[Black "Colovic, Aleksandar"]
[Result "1/2-1/2"]
[WhiteElo "2344"]
[BlackElo "2516"]
[PlyCount "189"]
[EventDate "2013.11.16"]
[EventType "team-tourn"]
[EventRounds "7"]
[EventCountry "ENG"]
[SourceTitle "EXT 2015"]
[Source "ChessBase"]
[SourceDate "2014.11.20"]
[SourceVersion "1"]
[SourceVersionDate "2014.11.20"]
[SourceQuality "1"]
[WhiteTeam "Barbican II"]
[BlackTeam "Cheddleton"]
[WhiteTeamCountry "ENG"]
[BlackTeamCountry "ENG"]

1. d4 Nf6 2. c4 e6 3. Nc3 Bb4 4. e3 b6 5. Nge2 Ba6 6. Ng3 0-0 7. e4 c5 8. d5 Re8 9. f3 d6 10. Be2 exd5 11. cxd5 Bxc3+ 12. bxc3 Bxe2 13. Nxe2 Nh5 14. 0-0 Nd7 15. c4 a6 16. a4 b5 17. axb5 axb5 18. Rxa8 Qxa8 19. cxb5 Qa5 20. Qd2 Qxb5 21. g4 Nhf6 22. Ng3 g6 23. Bb2 Ne5 24. Nf5 gxf5 25. Qg5+ Kf8 26. Bxe5 Rxe5 27. Qxf6 fxe4 28. Qxd6+ Re7 29. Re1 Qd7 30. Qxd7 Rxd7 31. fxe4 Ke7 32. Kf2 Kd6 33. Ke3 Ra7 34. Kf4 Ra2 35. Rb1 Rf2+ 36. Ke3 Rxh2 37. Rb7 f6 38. Rb6+ Ke7 39. Rc6 h5 40. gxh5 Rh3+ 41. Kf4 Rh4+ 42. Kf3 Rxh5 43. Rxc5 Rh1 44. Rc7+ Kd6 45. Rc6+ Ke7 46. Ke3 Rd1 47. Rc7+ Kd6 48. Rf7 Rf1 49. Ke2 Rf4 50. Kd3 Rf1 51. Ra7 Rd1+ 52. Ke2 Rd4 53. Ke3 Rd1 54. Ra6+ Ke7 55. Kf4 Rf1+ 56. Ke3 Rd1 57. Ra4 Kd6 58. Ke2 Rh1 59. Ra6+ Ke7 60. Kd3 Rh4 61. Ke3 Rh1 62. Kd4 Rd1+ 63. Kc5 Rc1+ 64. Kb5 Rb1+ 65. Kc6 Rc1+ 66. Kb7 Rc4 67. Re6+ Kd7 68. Kb6 Rb4+ 69. Kc5 Ra4 70. Rxf6 Rxe4 71. Rf7+ Kc8 72. Kc6 Rc4+ 73. Kd6 Rh4 74. Rf8+ Kb7 75. Ke7 Rh7+ 76. Rf7 Rh8 77. Kd7 Kb6 78. d6 Kb7 79. Re7 Kb6 80. Rf7 Kb7 81. Ke6+ Kc6 82. Rc7+ Kb6 83. Rg7 Kc6 84. Ke7 Kb7 85. Kd7 Kb6 86. Re7 Kb7 87. Re8 Rh7+ 88. Ke6 Rh6+ 89. Kd5 Rh5+ 90. Re5 Rh1 91. Re2 Kc8 92. Ke6 Kd8 93. Re5 Rh6+ 94. Kd5 Rh1 95. Kc6 1/2-1/2